Operating systems : (Record no. 10239)

MARC details
000 -LEADER
fixed length control field 01947nac a22003131u 4500
090 ## - LOCALLY ASSIGNED LC-TYPE CALL NUMBER (OCLC); LOCAL CALL NUMBER (OCLC)
-- 10239
008 - FIXED-LENGTH DATA ELEMENTS--GENERAL INFORMATION
fixed length control field 081022t xxu||||| |||| 00| 0 eng d
010 ## - LIBRARY OF CONGRESS CONTROL NUMBER
LC control number 97046926
020 ## - INTERNATIONAL STANDARD BOOK NUMBER
International Standard Book Number 9780136033370 :
020 ## - INTERNATIONAL STANDARD BOOK NUMBER
International Standard Book Number 0136033377 :
082 00 - DEWEY DECIMAL CLASSIFICATION NUMBER
Classification number 005.43
Item number STA
100 ## - MAIN ENTRY--PERSONAL NAME
Personal name Stallings, William.
245 00 - TITLE STATEMENT
Title Operating systems:
Remainder of title Internals and Design Principles /
Statement of responsibility, etc William Stallings.
250 ## - EDITION STATEMENT
Edition statement 6th ed.
Remainder of edition statement Pearson International Edition.
260 ## - PUBLICATION, DISTRIBUTION, ETC. (IMPRINT)
Place of publication, distribution, etc Upper Saddle River, N.J. :
Name of publisher, distributor, etc Prentice Hall,2009.
Date of publication, distribution, etc c2009.
300 ## - PHYSICAL DESCRIPTION
Extent xviii, 822 p. ;
Dimensions 24 cm.
500 ## - GENERAL NOTE
General note Distributer: Bacca.
504 ## - BIBLIOGRAPHY, ETC. NOTE
Bibliography, etc Includes bibliographical references and index.
650 #0 - SUBJECT ADDED ENTRY--TOPICAL TERM
Topical term or geographic name as entry element Operating systems (Computers)
942 ## - ADDED ENTRY ELEMENTS (KOHA)
Item type Book - Borrowing
Call number prefix 005.43STA
Source of classification or shelving scheme Dewey Decimal Classification
Holdings
Withdrawn status Item status Source of classification or shelving scheme Damaged status Not for loan Home library Current library Shelving location Date acquired Source of acquisition Total Checkouts Total Renewals Full call number Barcode Date last seen Date last borrowed Koha item type Materials specified (bound volume or other part) Vendor Cost, normal purchase price Serial Enumeration / chronology
    Dewey Decimal Classification     Central Library Central Library Lower Floor 22/10/2008 Purchase 8 10 005.43 STA 000014078 15/07/2025 11/12/2019 Book - Borrowing        
    Dewey Decimal Classification     Central Library Central Library Lower Floor 22/10/2008 Purchase 5 7 005.43 STA 000014079 15/07/2025 14/12/2008 Book - Borrowing        
  Lost Dewey Decimal Classification     Central Library Central Library Lower Floor 22/10/2008 Purchase 2   005.43 STA 000014131 01/07/2011 13/01/2009 Book - Borrowing Lost In Inventory_2015-8-23      
    Dewey Decimal Classification     Central Library Central Library Lower Floor 22/10/2008 Purchase 1   005.43 STA 000014132 15/07/2025 15/01/2009 NB - Book (Non borrowing)        
    Dewey Decimal Classification     Central Library Central Library Lower Floor 31/03/2009   1 2 005.43 STA 000015689 15/07/2025 03/12/2012 Book - Borrowing   Alahram 225.00 376
    Dewey Decimal Classification     Central Library Central Library Lower Floor 02/04/2009   2 20 005.43 STA 000015842 15/07/2025 25/09/2014 Book - Borrowing   Alahram 225.00 376
    Dewey Decimal Classification     Central Library Central Library Lower Floor 29/04/2009   2 6 005.43 STA 000016064 15/07/2025 30/11/2014 Book - Borrowing        
    Dewey Decimal Classification     Central Library Central Library Lower Floor 29/04/2009       005.43 STA 000016273 15/07/2025   Book - Borrowing   Alahram 225.00 375
    Dewey Decimal Classification     Central Library Central Library Lower Floor 12/03/2018   1 19 005.43 STA 000047372 15/07/2025 01/10/2018 Book - Borrowing